[Event "Druzynowe Mistrzostwa Polski Juniorow - II Liga"]
[Site "Iwonicz"]
[Date "2016-07-31"]
[Round "10.45"]
[White "Kozubek, Krystian"]
[Black "Niedbala, Bartlomiej"]
[Result "1/2-1/2"]
[WhiteTitle "II"]
[BlackTitle "I"]
[WhiteElo "1136"]
[BlackElo "1626"]

1. d4 Nf6 2. c4 e5 3. dxe5 Ng4 4. Nf3 Bc5 5. e3 Nc6 6. h3 Ngxe5 7. Bd2 d6 8. Bc3
Qe7 9. Be2 Be6 10. Nbd2 O-O 11. b3 f5 12. Nxe5 dxe5 13. Qc2 a5 14. Nf3 Bb4 15.
O-O Bxc3 16. Qxc3 Bf7 17. Bd1 Qb4 18. Qb2 Bxc4 19. Be2 Bxe2 20. Qxe2 h6 21. Rfc1
e4 22. Nd2 Rfd8 23. Nc4 Kh7 24. g3 a4 25. bxa4 Qxa4 26. Rab1 Qa6 27. Qb2 Rab8
28. Ne5 Rd6 29. Nxc6 Rxc6 30. Rxc6 Qxc6 31. Qe5 Rf8 32. Rb3 Rf7 33. a4 Qd6 34.
Qxd6 cxd6 35. Rb6 Rd7 36. a5 Kg6 37. a6 bxa6 38. Rxa6 Kf6 39. Kg2 Ke6 40. h4 Rc7
41. Rb6 Kf6 42. Rxd6+ Kf7 43. Ra6 Re7 44. Ra5 Kg6 45. Kh3 Rf7 46. Rb5 Rf6 47.
Ra5 Rb6 48. Kg2 Kf6 49. Ra2 Kg6 50. Ra5 Kf6 51. Ra2 g5 52. hxg5+ hxg5 53. Ra4
Kg6 54. g4 Re6 55. gxf5+ Kxf5 56. Kg3 Rf6 1/2-1/2

[Event "Druzynowe Mistrzostwa Polski Juniorow - II Liga"]
[Site "Iwonicz"]
[Date "2016-07-31"]
[Round "10.46"]
[White "Lichorad, Mateusz"]
[Black "Gradalski, Olaf"]
[Result "1-0"]
[WhiteTitle "II"]
[BlackTitle "II"]
[WhiteElo "1594"]
[BlackElo "1144"]

1. e4 d5 2. exd5 Qxd5 3. d4 Nf6 4. Nf3 a6 5. c4 Qd8 6. Be2 Bg4 7. Nc3 e6 8. Be3
Be7 9. O-O O-O 10. Qb3 Qc8 11. Rfd1 Rd8 12. Ne5 Bxe2 13. Nxe2 Nbd7 14. Nxd7 Rxd7
15. Rac1 b6 16. Nf4 Rb8 17. Nd3 Bd6 18. Ne5 Bxe5 19. dxe5 Ne8 20. Qc2 c6 21. b3
Rxd1+ 22. Rxd1 b5 23. Qe4 Qc7 24. h3 Rc8 25. c5 h6 26. Qd4 Kf8 27. Qe4 Kg8 28.
f4 Rb8 29. Qd3 Rc8 30. Qe4 Rb8 31. g4 Rc8 32. f5 exf5 33. gxf5 f6 34. Bf4 Rd8
35. Rxd8 Qxd8 36. Qxc6 Qd1+ 37. Kf2 Qc2+ 38. Kg3 Qd3+ 39. Kh4 g5+ 40. fxg6 Qxg6
41. Qe6+ Kh7 42. Qg4 Qf7 43. Qf5+ Kg7 44. exf6+ Qxf6+ 45. Qxf6+ Nxf6 46. Be5 1-0

[Event "Druzynowe Mistrzostwa Polski Juniorow - II Liga"]
[Site "Iwonicz"]
[Date "2016-07-31"]
[Round "10.47"]
[White "Gredka, Dominika"]
[Black "Kotula, Magdalena"]
[Result "1/2-1/2"]
[WhiteTitle "I++"]
[BlackTitle "I+"]
[WhiteElo "1687"]
[BlackElo "1567"]

1. e4 c5 2. Nf3 a6 3. c3 Nc6 4. d4 cxd4 5. cxd4 d5 6. exd5 Qxd5 7. Nc3 Qd6 8. Bc4
e6 9. O-O Nf6 10. d5 Nd8 11. Re1 Be7 12. Ne5 O-O 13. Bf4 Qb4 14. a3 Qb6 15. Na4
Qc7 16. Ng6 Bd6 17. Bxd6 Qxd6 18. dxe6 Qxd1 19. exf7+ Nxf7 20. Ne7+ Kh8 21. Raxd1
Bg4 22. Nb6 Bxd1 23. Nxa8 Bh5 24. Nb6 Nd6 25. Bb3 Nfe4 26. f3 Nc5 27. Bc2 Bf7
28. Rd1 Re8 29. Nbd5 b5 30. Kf2 Ndb7 31. Rd4 Bxd5 32. Nxd5 Rd8 33. Rd1 g6 34.
b4 Ne6 35. Bb3 Kg7 36. Re1 Nd4 37. Re7+ Kf8 38. Ba2 Rxd5 39. Bxd5 Kxe7 40. Bxb7
Nc2 41. Bxa6 Nxa3 42. Ke2 Nc2 43. Kd2 Nxb4 44. Bxb5 Kf6 45. Ke2 Ke5 46. Bc4 h6
47. g3 g5 48. Bb3 Nc6 49. Ba4 Nd4+ 50. Kf2 Ne6 51. Bd7 Nd4 52. Bc8 Nc6 53. Bb7
Nd4 54. Be4 Ne6 55. Kg2 Nc5 56. Ba8 Ne6 57. Kh3 Kf6 58. Kg4 Nd4 59. h4 gxh4 60.
Kxh4 Kg7 61. Be4 Ne2 62. f4 Kf6 63. Bd3 Nd4 64. Kh5 Kg7 65. Bc4 Nf5 66. g4 Ng3+
67. Kh4 Ne4 68. Bd5 Nf6 69. Bc6 Ng8 70. g5 1/2-1/2

[Event "Druzynowe Mistrzostwa Polski Juniorow - II Liga"]
[Site "Iwonicz"]
[Date "2016-07-31"]
[Round "10.48"]
[White "Hertlein, Irena"]
[Black "Orlik, Sandra"]
[Result "1/2-1/2"]
[WhiteTitle "I"]
[BlackTitle "I"]
[WhiteElo "1488"]
[BlackElo "1519"]

1. d4 d5 2. Nf3 e6 3. c4 dxc4 4. e3 Nf6 5. Bxc4 c5 6. O-O a6 7. dxc5 Qxd1 8. Rxd1
Bxc5 9. Be2 Nc6 10. Nbd2 Ke7 11. Nb3 Bd6 12. Nfd4 Nxd4 13. Nxd4 e5 14. Nf3 Bf5
15. Bd2 Ne4 16. Nh4 Be6 17. Ba5 g5 18. Nf3 h6 19. Nd2 Nxd2 20. Rxd2 Rhc8 21. Bf3
Rab8 22. Bc3 Rd8 23. Bd5 Bc7 24. Rad1 f5 25. Bxe6 Kxe6 26. h3 b5 27. Rxd8 Rxd8
28. Rxd8 Bxd8 29. g4 fxg4 30. hxg4 Kd5 31. Kf1 Bc7 32. Ke2 Kc4 33. Kf3 Kd3 34.
Kg3 a5 35. a3 Kc4 36. Kf3 b4 37. axb4 axb4 38. Be1 Bd6 39. Ke4 Kb3 40. Kd5 Bb8
41. Kc5 Kxb2 42. Bxb4 Kc2 43. Kd5 Kd3 44. Bf8 Ke2 45. Bxh6 Kf3 46. Bxg5 Kxg4 47.
Bf6 Kf5 48. Be7 e4 49. Bd6 Ba7 50. Bc5 Bb8 51. Kd4 Be5+ 52. Kd5 Bc3 53. Bd6 Be1
54. Bg3 Ba5 55. Kd4 Bd2 56. Kc4 Kg4 57. Kd4 Kf3 58. Ke5 Be1 59. Kf5 Ba5 60. Bh4
1/2-1/2

[Event "Druzynowe Mistrzostwa Polski Juniorow - II Liga"]
[Site "Iwonicz"]
[Date "2016-07-31"]
[Round "10.49"]
[White "Guzik, Natalia"]
[Black "Zarnowski, Krzysztof"]
[Result "0-1"]
[WhiteTitle "I++"]
[BlackTitle "I++"]
[WhiteElo "1608"]
[BlackElo "2034"]

1. e4 c5 2. Nf3 e6 3. d4 cxd4 4. Nxd4 a6 5. Nc3 Qc7 6. Be3 Nf6 7. f3 d6 8. Bd3
b5 9. a3 Be7 10. O-O e5 11. Nb3 O-O 12. Qe1 Be6 13. g4 Nbd7 14. g5 Nh5 15. Kh1
Nb6 16. Ne2 Nc4 17. Bc1 f5 18. exf5 Bxf5 19. Bxf5 Rxf5 20. Ng3 Nxg3+ 21. Qxg3
Qc6 22. Kg1 Raf8 23. Kg2 Nxb2 24. h4 Qxc2+ 25. Rf2 Qxb3 26. Bxb2 Rxf3 27. Rxf3
Qxb2+ 28. Qf2 Qxa1 0-1

[Event "Druzynowe Mistrzostwa Polski Juniorow - II Liga"]
[Site "Iwonicz"]
[Date "2016-07-31"]
[Round "10.50"]
[White "Kozubal, Aleksandra"]
[Black "Bakalarczyk, Jakub"]
[Result "1/2-1/2"]
[WhiteTitle "I++"]
[BlackTitle "I"]
[WhiteElo "1687"]
[BlackElo "1591"]

1. d4 d5 2. c4 c6 3. Nc3 Nf6 4. Nf3 dxc4 5. a4 Bf5 6. e3 e6 7. Bxc4 Bb4 8. O-O
Qc7 9. Qb3 Be7 10. h3 Nbd7 11. Re1 Nb6 12. e4 Bg6 13. Bf1 O-O 14. Ne5 Nbd7 15.
Nxg6 hxg6 16. Be3 Qb6 17. Qa2 Qa5 18. Bc4 Bb4 19. Bd2 a6 20. Red1 Rae8 21. f3
b5 22. axb5 Qxa2 23. Rxa2 cxb5 24. Be2 Nb8 25. Bf4 Nfd7 26. Raa1 Rc8 27. Na2 Ba5
28. Bd6 Rfd8 29. b4 Bc7 30. Be7 Re8 31. Bc5 Nxc5 32. dxc5 Be5 1/2-1/2

[Event "Druzynowe Mistrzostwa Polski Juniorow - II Liga"]
[Site "Iwonicz"]
[Date "2016-07-31"]
[Round "10.51"]
[White "Jagura, Norbert"]
[Black "Bober, Tomasz"]
[Result "1-0"]
[WhiteTitle "II"]
[BlackTitle "II"]
[WhiteElo "1505"]
[BlackElo "1210"]

1. e4 c5 2. c3 d5 3. exd5 Qxd5 4. d4 Nc6 5. Be3 cxd4 6. cxd4 e6 7. Nf3 Nf6 8. Nc3
Qd8 9. Bd3 g6 10. O-O Bg7 11. Bc4 Ne7 12. Qb3 Ned5 13. Bb5+ Bd7 14. Bxd7+ Qxd7
15. Ne5 Qc7 16. Qa4+ Nd7 17. Nb5 Qb6 18. Nxd7 Kxd7 19. Na3+ Qc6 20. Qd1 Rac8 21.
Qf3 Nf6 22. d5 exd5 23. Rad1 Rhd8 24. Rfe1 b6 25. Bg5 Re8 26. Rf1 Re5 27. Be3
a6 28. Nb1 Ke8 29. Rc1 Qb7 30. Rxc8+ Qxc8 31. Bxb6 Qe6 32. Be3 Kf8 33. Nd2 Kg8
34. Nb3 Bf8 35. Nd4 Qe8 36. Qxf6 Bg7 37. Qf3 Re4 38. Nb3 Bxb2 39. Nc5 Re5 40.
Nd3 1-0

[Event "Druzynowe Mistrzostwa Polski Juniorow - II Liga"]
[Site "Iwonicz"]
[Date "2016-07-31"]
[Round "10.52"]
[White "Tomkiewicz, Szymon"]
[Black "Wojtasik, Szymon"]
[Result "0-1"]
[WhiteTitle "II"]
[BlackTitle "II"]
[WhiteElo "1268"]
[BlackElo "1240"]

1. e4 c5 2. Nf3 Nc6 3. d4 cxd4 4. Nxd4 g6 5. Nc3 Bg7 6. Be3 Nf6 7. f3 O-O 8. Bc4
Qb6 9. Nxc6 Qxe3+ 10. Qe2 Qxe2+ 11. Bxe2 bxc6 12. O-O-O Rd8 13. g4 Rb8 14. e5
Ne8 15. f4 d6 16. Ne4 Bb7 17. exd6 Nxd6 18. Ng5 h6 19. Nf3 Ne4 20. Rde1 e6 21.
h4 Ng3 22. Rhg1 Nxe2+ 23. Rxe2 c5 24. Ne5 Rd5 25. Nf3 Bxb2+ 26. Kb1 Ba3 27. Ka1
Ba6 28. Reg2 Bb2+ 29. Kb1 Bd4+ 30. Kc1 Bxg1 31. Nxg1 c4 32. Ne2 Ra5 33. Nc3 Rd8
34. Rh2 Rd4 35. Rf2 Bb7 36. g5 h5 37. Ne2 Re4 38. Kb2 Rf5 39. Kc3 Bd5 40. Kb2
Bc6 41. Kc1 e5 42. Ng3 Rfxf4 43. Nxe4 Bxe4 44. Rxf4 exf4 45. c3 Kf8 46. Kd2 Ke7
47. a4 a5 48. Ke2 Bc6 49. Kf2 Bxa4 50. Kf3 Bb3 51. Kxf4 a4 52. Ke3 a3 53. Kd2
a2 54. Ke1 a1=Q+ 55. Kd2 Qd1+ 56. Ke3 Bc2 57. Kf2 Be4 58. Kg3 Qf3+ 59. Kh2 Qg2#
0-1

[Event "Druzynowe Mistrzostwa Polski Juniorow - II Liga"]
[Site "Iwonicz"]
[Date "2016-07-31"]
[Round "10.53"]
[White "Bakalarczyk, Zuzanna"]
[Black "Jurkiewicz, Zuzanna"]
[Result "1/2-1/2"]
[WhiteTitle "I"]
[BlackTitle "I+"]
[WhiteElo "1312"]
[BlackElo "1657"]

1. d4 Nf6 2. c4 c5 3. e3 e6 4. Nf3 g6 5. Be2 Bg7 6. Nc3 O-O 7. O-O Na6 8. Qc2 b6
9. b3 Bb7 10. Bb2 Rc8 11. Rfd1 Qe7 12. Rac1 d6 13. Ng5 cxd4 14. exd4 Bh6 15. h4
Ne8 16. Rb1 Bxg5 17. hxg5 Qxg5 18. Ne4 Qh4 19. Ng3 Nf6 20. Qc3 Ng4 21. Bxg4 Qxg4
22. d5 e5 23. Re1 Nc5 24. Re3 h5 25. Rbe1 h4 26. Nf1 Rce8 27. Nh2 Qh5 28. Rh3
Bc8 29. Rhe3 Bg4 30. f3 Bd7 31. R3e2 h3 32. gxh3 Bxh3 33. Nf1 Qg5+ 34. Kh1 Bxf1
35. Rxf1 Kg7 36. Rff2 Rh8+ 37. Rh2 Qf4 38. Bc1 Qg3 39. Reg2 Rxh2+ 40. Rxh2 Rh8
41. Rxh8 Kxh8 42. Qe3 Qh4+ 43. Kg2 Kg7 44. Bd2 f5 45. Bc3 Kf7 46. Be1 Qf6 47.
Qh6 Qg7 48. Qg5 Nd3 49. Bh4 Nf4+ 50. Kf1 Kg8 51. Qd8+ Qf8 52. Qg5 a6 53. Bg3 Kg7
54. Bxf4 exf4 55. Qxf4 Qf6 56. Qd2 g5 57. Qe2 Kf7 58. Kg2 a5 59. a3 Qe7 60. Qd3
Qe5 61. Qd2 Kf6 62. Qf2 b5 63. Qd2 bxc4 64. bxc4 Qa1 65. Qe2 Qe5 66. Qd2 f4 67.
Qc2 Qd4 68. Qe2 Qe5 69. Qd2 Qa1 1/2-1/2

[Event "Druzynowe Mistrzostwa Polski Juniorow - II Liga"]
[Site "Iwonicz"]
[Date "2016-07-31"]
[Round "10.54"]
[White "Mazurek, Maja"]
[Black "Matyjasek, Michalina"]
[Result "1-0"]
[WhiteTitle "II"]
[BlackTitle "II"]
[WhiteElo "1103"]
[BlackElo "1199"]

1. d4 d5 2. e3 Nf6 3. Bd3 c5 4. c3 e6 5. f4 Nc6 6. Nf3 Be7 7. O-O O-O 8. Nbd2 a6
9. Ne5 Qc7 10. Qf3 b5 11. Qh3 cxd4 12. exd4 g6 13. Rf3 b4 14. Qh6 Re8 15. Rh3
Bf8 16. Qg5 Bg7 17. Qg3 Nh5 18. Qh4 f6 19. Nxg6 e5 20. Re3 hxg6 21. Bxg6 Rd8 22.
fxe5 Bh6 23. Rf3 Bxd2 24. Bxd2 Ng7 25. Qh7+ Kf8 26. Rxf6+ Ke7 27. Qxg7# 1-0

[Event "Druzynowe Mistrzostwa Polski Juniorow - II Liga"]
[Site "Iwonicz"]
[Date "2016-07-31"]
[Round "10.55"]
[White "Hladun, Bartlomiej"]
[Black "Szydelko, Michal"]
[Result "0-1"]
[WhiteTitle "II"]
[BlackTitle "I"]
[WhiteElo "1469"]
[BlackElo "1622"]

1. e4 e5 2. Nf3 Nf6 3. Nc3 Bb4 4. d3 d6 5. Be2 h6 6. h3 Nc6 7. Be3 Be6 8. Qd2 d5
9. exd5 Nxd5 10. O-O O-O 11. a3 Be7 12. Nxd5 Bxd5 13. Rad1 f5 14. Qc1 Qd7 15.
Rfe1 Rad8 16. Nh2 f4 17. Bg4 fxe3 18. Bxd7 exf2+ 19. Kh1 fxe1=Q+ 20. Rxe1 Rxd7
21. Ng4 Bg5 22. Qd1 Bf4 23. c3 Bg3 24. Re3 Bf4 25. Re1 Bc4 26. Qa4 Bxd3 27. Qb3+
Rdf7 28. Qd5 e4 29. Nf2 Bg3 30. Nxd3 Bxe1 31. Nxe1 Kh8 32. Kh2 Re7 33. b4 a6 34.
a4 e3 35. b5 axb5 36. axb5 Ne5 37. Qc5 Ng6 38. h4 Rfe8 39. Qd4 Re4 40. Qd7 Rxh4+
41. Kg1 Rhe4 42. Qxc7 R8e7 43. Qc8+ Kh7 44. Qf5 R7e5 45. Qf3 Rf4 46. Qxb7 e2 47.
Nd3 Rf1+ 48. Kh2 Re3 49. Qd5 Rxd3 50. Qxd3 e1=Q 51. c4 Rh1# 0-1

[Event "Druzynowe Mistrzostwa Polski Juniorow - II Liga"]
[Site "Iwonicz"]
[Date "2016-07-31"]
[Round "10.56"]
[White "Sypien, Natan"]
[Black "Pawletko, Szymon"]
[Result "1-0"]
[WhiteTitle "II"]
[BlackTitle "II+"]
[WhiteElo "1461"]
[BlackElo "1543"]

1. d4 d5 2. c4 c6 3. Nf3 Nf6 4. e3 e6 5. Nc3 Nbd7 6. Bd3 dxc4 7. Bxc4 b5 8. Bd3
b4 9. Ne4 c5 10. O-O Be7 11. dxc5 Nxc5 12. Nxc5 Bxc5 13. Qe2 O-O 14. Rd1 Qe7 15.
b3 Bb7 16. Bb2 Rfd8 17. Rac1 Rac8 18. Bc4 Bb6 19. Rxd8+ Rxd8 20. Rd1 Bd5 21. Bxf6
Qxf6 22. Bxd5 Rxd5 23. Rxd5 exd5 24. g3 g6 25. Kg2 Qa1 26. Qd2 d4 27. exd4 Qc3
28. d5 Bc5 29. Qe2 Bd6 30. Qe8+ Kg7 31. Qe3 Bc5 32. Qe5+ Qxe5 33. Nxe5 f6 34.
Nd3 Bd6 35. Kf3 f5 36. Ke3 Kf6 37. Kd4 g5 38. Kc4 a5 39. Kb5 h5 40. Kxa5 h4 41.
Nxb4 f4 42. gxh4 gxh4 43. Nd3 h3 44. f3 Ke7 45. Kb6 Kd7 46. Nf2 Bc7+ 47. Kc5 Bd6+
48. Kb5 Bc7 49. Nxh3 Kd6 50. Nxf4 1-0

[Event "Druzynowe Mistrzostwa Polski Juniorow - II Liga"]
[Site "Iwonicz"]
[Date "2016-07-31"]
[Round "10.57"]
[White "Mackowiak, Filip"]
[Black "Majocha, Piotr"]
[Result "0-1"]
[WhiteTitle "II+"]
[BlackTitle "I"]
[WhiteElo "1428"]
[BlackElo "1751"]

1. e4 e6 2. d4 d5 3. Nd2 Nf6 4. e5 Nfd7 5. Bd3 c5 6. c3 b6 7. Ne2 Ba6 8. Bxa6 Nxa6
9. O-O Nc7 10. Nf3 c4 11. Re1 b5 12. Bf4 a5 13. Qc2 Be7 14. Bg3 Nb6 15. Qd2 Na6
16. a3 Nc8 17. h3 Na7 18. Bf4 Nc6 19. Bg5 Nc7 20. Bxe7 Qxe7 21. Qg5 Qxg5 22. Nxg5
Rb8 23. Ng3 O-O 24. Kf1 b4 25. axb4 axb4 26. Ra2 bxc3 27. bxc3 Rb3 28. Ne2 f6
29. Nf3 fxe5 30. Nxe5 Nxe5 31. dxe5 Rfb8 32. Ra7 R8b7 33. Rxb7 Rxb7 34. Nd4 Kf7
35. Re3 Rb6 36. Rf3+ Kg8 37. g4 Nb5 38. Nxb5 Rxb5 39. Ke2 Rb1 40. Ke3 Re1+ 41.
Kd4 Re4+ 42. Kc5 Rxe5 43. Kd6 Re4 44. Re3 Rxe3 45. fxe3 Kf7 46. Ke5 Ke7 47. e4
dxe4 48. Kxe4 Kf6 49. h4 e5 50. Kd5 h5 51. gxh5 Kf5 52. Kxc4 e4 53. Kb3 Kf4 54.
c4 e3 55. c5 e2 56. c6 e1=Q 57. Kc4 Qe5 58. h6 gxh6 59. h5 Qc7 60. Kc5 Ke5 61.
Kd4+ 0-1

[Event "Druzynowe Mistrzostwa Polski Juniorow - II Liga"]
[Site "Iwonicz"]
[Date "2016-07-31"]
[Round "10.58"]
[White "Szuber, Dawid"]
[Black "Sulima, Franciszek"]
[Result "0-1"]
[WhiteTitle "II"]
[BlackTitle "II"]
[WhiteElo "1268"]
[BlackElo "1215"]

1. e4 d6 2. d4 Nf6 3. Nc3 g6 4. Nf3 Bg7 5. Be2 O-O 6. O-O Nbd7 7. h3 e5 8. dxe5
Nxe5 9. Nxe5 dxe5 10. Be3 Be6 11. Qxd8 Rfxd8 12. Rad1 a6 13. a3 Ne8 14. f3 Nd6
15. b3 h5 16. Rd2 Kh7 17. Rfd1 Bh6 18. Bxh6 Kxh6 19. Na4 b6 20. Nxb6 cxb6 21.
Rxd6 Rxd6 22. Rxd6 b5 23. Rc6 Kg5 24. a4 bxa4 25. bxa4 Rc8 26. Rxa6 Rxc2 27. Bb5
Kf4 28. Kh2 Bc4 29. Rc6 Bxb5 30. axb5 Rb2 31. b6 Kg5 32. Rd6 f5 33. Rd5 Kf4 34.
exf5 gxf5 35. Rd6 e4 36. fxe4 fxe4 37. Kg1 Ke3 38. Rd1 Rxb6 39. Re1+ Kd3 40. Kf1
Rf6+ 41. Kg1 e3 42. Ra1 e2 43. Ra3+ Kc4 44. Ra1 Kc3 45. g4 hxg4 46. hxg4 Kd3 47.
Ra3+ Ke4 48. Ra1 Kf3 49. g5 Rf5 50. Ra3+ Kg4 51. Ra1 Kg3 52. Ra3+ Rf3 53. Ra1
Rd3 54. Rf1 exf1=Q+ 55. Kxf1 Rd8 56. g6 Rg8 57. g7 Rxg7 58. Ke1 Ra7 59. Kd2 Kh4
60. Kd1 0-1

[Event "Druzynowe Mistrzostwa Polski Juniorow - II Liga"]
[Site "Iwonicz"]
[Date "2016-07-31"]
[Round "10.59"]
[White "Filipska, Maja"]
[Black "Fajt, Patrycja"]
[Result "1-0"]
[WhiteTitle "I+"]
[BlackTitle "II"]
[WhiteElo "1406"]
[BlackElo "1069"]

1. e4 d5 2. exd5 Qxd5 3. Nc3 Qa5 4. Bc4 c6 5. Nf3 Nf6 6. O-O Bf5 7. d3 e6 8. Bg5
Nbd7 9. a3 Bd6 10. Re1 O-O 11. Ne4 Bxe4 12. dxe4 Be5 13. b4 Qc7 14. Nxe5 Qxe5
15. f4 Qc7 16. e5 Nd5 17. Qh5 Qb6+ 18. Kh1 f5 19. exf6 N7xf6 20. Qh3 Qc7 21. Qxe6+
Qf7 22. Bxf6 gxf6 23. Bxd5 cxd5 24. Qf5 Rae8 25. h3 h5 26. Rad1 Rxe1+ 27. Rxe1
Rd8 28. Re6 Kg7 29. Re3 Kh8 30. Qd3 Rg8 31. Qe2 d4 32. Re7 Qd5 33. Qe4 Qb5 34.
Rh7# 1-0

[Event "Druzynowe Mistrzostwa Polski Juniorow - II Liga"]
[Site "Iwonicz"]
[Date "2016-07-31"]
[Round "10.60"]
[White "Wasala, Wiktoria"]
[Black "Wyrzykowska, Aleksandra"]
[Result "0-1"]
[WhiteTitle "I"]
[BlackTitle "I"]
[WhiteElo "1365"]
[BlackElo "1251"]

1. e4 d5 2. exd5 Nf6 3. d4 Nxd5 4. c4 Nb6 5. Nc3 Bf5 6. Be3 e6 7. Bd3 Bxd3 8. Qxd3
Nc6 9. Nge2 Qd7 10. O-O O-O-O 11. Rfd1 Ne5 12. Qc2 Nexc4 13. Rac1 c6 14. b3 Nxe3
15. fxe3 Kb8 16. e4 Ba3 17. Rb1 Qe7 18. Rf1 Rd7 19. Rbd1 Rhd8 20. Nb1 Bd6 21.
Nbc3 Bb4 22. Nb1 Bd6 23. Nd2 Bc7 24. Nf3 g6 25. a4 Qb4 26. Ng5 f5 27. Nxe6 fxe4
28. Nxd8 Bxd8 29. Qc3 Qe7 30. Qc5 Qe6 31. Qe5+ Rd6 32. Nc3 e3 33. Rde1 Qxe5 34.
dxe5 Rd3 35. Rd1 Rxc3 36. Rxd8+ Kc7 37. Rd4 Nd5 38. Rb1 Kd7 39. g4 Ke6 40. Re4
Rc2 41. Re1 Rc3 42. Rb1 Rd3 43. Re1 Rxb3 44. Kg2 Rb2+ 45. Kg3 g5 46. h4 h6 47.
hxg5 hxg5 48. Rh1 e2 49. Rh6+ Kf7 50. Rd6 Nc3 51. e6+ Ke8 52. Re3 Rb1 53. Kf2
Rf1+ 54. Kg2 e1=Q 55. Rxe1 Rxe1 56. Rd7 Rxe6 57. Rxb7 Re7 58. Rb8+ Kf7 59. Rc8
Nxa4 0-1

[Event "Druzynowe Mistrzostwa Polski Juniorow - II Liga"]
[Site "Iwonicz"]
[Date "2016-07-31"]
[Round "10.61"]
[White "Domanski, Lukasz"]
[Black "Marczak, Szymon"]
[Result "0-1"]
[WhiteTitle "I++"]
[BlackTitle "I"]
[WhiteElo "2001"]
[BlackElo "1709"]

1. e4 c5 2. Nf3 e6 3. c3 Nf6 4. e5 Nd5 5. d4 cxd4 6. cxd4 d6 7. a3 Nc6 8. Bd3 Be7
9. O-O dxe5 10. dxe5 Qc7 11. Qe2 Bd7 12. Nc3 Nxc3 13. bxc3 O-O 14. Qe4 g6 15.
h4 Na5 16. Bg5 Bc6 17. Qe3 Bxf3 18. Bxe7 Qxe7 19. Qxf3 Qxh4 20. g3 Qg5 21. Rae1
Nc6 22. Qe2 Rfd8 23. Kg2 Rd7 24. f4 Qe7 25. Rh1 Rad8 26. Rd1 Qxa3 27. f5 Qxc3
28. Rxh7 Rxd3 29. Rdh1 Qxe5 30. Qxe5 Nxe5 31. f6 Rd2+ 0-1

[Event "Druzynowe Mistrzostwa Polski Juniorow - II Liga"]
[Site "Iwonicz"]
[Date "2016-07-31"]
[Round "10.63"]
[White "Norek, Maciej"]
[Black "Goszyk, Bartosz"]
[Result "1-0"]
[WhiteTitle "II"]
[BlackTitle "III"]
[WhiteElo "1200"]
[BlackElo "1126"]

1. e4 c5 2. Nf3 d6 3. d4 cxd4 4. Nxd4 Nf6 5. Nc3 g6 6. Bg5 Bg7 7. Bb5+ Bd7 8. Qe2
a6 9. Bxd7+ Nbxd7 10. O-O-O O-O 11. f4 Qa5 12. Nf3 h6 13. Bh4 Rfc8 14. Rd3 Nc5
15. Rd2 Qb4 16. e5 Nfe4 17. Nxe4 Qxe4 18. Qxe4 Nxe4 19. Re2 Nc5 20. Bxe7 dxe5
21. fxe5 Ne6 22. Bd6 h5 23. g3 Re8 24. c3 Bh6+ 25. Kc2 Rad8 26. Rd1 b5 27. Rde1
Kg7 28. Nd4 Rc8 29. Nxe6+ Rxe6 30. b3 Rc6 31. Kd3 Rc8 32. c4 Bg5 33. c5 Bd8 34.
Kd4 Ba5 35. Rc1 Bc7 36. Rcc2 f5 37. h4 Kf7 38. a4 b4 39. Rc4 Rd8 40. Kd3 a5 41.
Rd4 Rc8 42. Bxc7 Rxc7 43. Kc4 Rcc6 44. Rd6 Rcxd6 45. cxd6 Re8 46. Kd5 Rc8 47.
e6+ Kf8 48. e7+ Ke8 49. Re6 1-0

[Event "Druzynowe Mistrzostwa Polski Juniorow - II Liga"]
[Site "Iwonicz"]
[Date "2016-07-31"]
[Round "10.64"]
[White "Grzybek, Mikolaj"]
[Black "Wielgus, Wojciech"]
[Result "0-1"]
[WhiteTitle "III"]
[BlackTitle "II"]
[WhiteElo "1201"]
[BlackElo "1118"]

1. e4 e5 2. Nf3 Nc6 3. Bc4 Nf6 4. Nc3 Nxe4 5. Nxe4 d5 6. Bxd5 Qxd5 7. Nc3 Qd8 8.
h3 Bd6 9. d3 O-O 10. O-O Re8 11. Re1 b6 12. b3 Bb7 13. Be3 Re6 14. Ng5 Rg6 15.
Qf3 Rxg5 16. Bxg5 Qxg5 17. Qe3 Qxe3 18. fxe3 Bb4 19. Rf1 Bxc3 20. Rad1 Rd8 21.
a4 Ba6 22. Rf2 f6 23. g4 h6 24. Kh1 Kf7 25. h4 Bb4 26. e4 Bc8 27. g5 hxg5 28.
hxg5 Rh8+ 29. Kg2 Bc5 30. Rfd2 Bh3+ 31. Kg3 Bc8 32. gxf6 gxf6 33. Rh2 Rxh2 34.
Kxh2 Nd4 35. a5 Nxc2 36. axb6 Bxb6 37. Kg3 Nd4 38. b4 Ne2+ 39. Kf3 Ke7 40. Rh1
Nd4+ 41. Kg3 Ke6 42. Rh8 Ba6 43. Rh4 Bxd3 44. Kg2 Nc2 45. Rg4 Ne3+ 46. Kf3 Nxg4
47. Kxg4 a5 48. bxa5 Bxa5 49. Kf3 Bb6 50. Kg2 c5 51. Kf2 Ba5 52. Ke3 c4 53. Kf2
c3 54. Ke1 c2+ 55. Kf2 c1=Q 56. Kf3 Qf1+ 57. Kg3 Be1+ 58. Kg4 Be2# 0-1

[Event "Druzynowe Mistrzostwa Polski Juniorow - II Liga"]
[Site "Iwonicz"]
[Date "2016-07-31"]
[Round "10.65"]
[White "Hryn, Zofia"]
[Black "Zamarska, Sylwia"]
[Result "1-0"]
[WhiteTitle "I"]
[BlackTitle "I+"]
[WhiteElo "1531"]
[BlackElo "1601"]

1. e4 c6 2. d4 d5 3. e5 Bf5 4. Nf3 e6 5. Be2 c5 6. Be3 Nd7 7. O-O Ne7 8. dxc5 Nc6
9. c4 dxc4 10. Bxc4 Bxc5 11. Bxc5 Nxc5 12. Bb5 O-O 13. Bxc6 bxc6 14. Nc3 Nd3 15.
Qe2 Rb8 16. b3 Qa5 17. Na4 Rfd8 18. Nb2 Rd5 19. Nc4 Qc3 20. Ne3 Rc5 21. Nxf5 exf5
22. e6 Re8 23. exf7+ Kxf7 24. Ng5+ Kf8 25. Nxh7+ Kf7 26. Ng5+ Kf8 27. Qh5 Ne5
28. Qh8+ Ke7 29. Qxg7+ Kd8 30. Nf7+ Nxf7 31. Qxf7 Rd5 32. Rad1 Ree5 33. Rxd5+
Rxd5 34. Qxa7 1-0

[Event "Druzynowe Mistrzostwa Polski Juniorow - II Liga"]
[Site "Iwonicz"]
[Date "2016-07-31"]
[Round "10.66"]
[White "Szczypka, Weronika"]
[Black "Hryn, Aleksandra"]
[Result "0-1"]
[WhiteTitle "II"]
[BlackTitle "I"]
[WhiteElo "1179"]
[BlackElo "1471"]

1. e4 c5 2. c3 d5 3. e5 Nc6 4. d4 cxd4 5. cxd4 Bf5 6. Nc3 e6 7. Nf3 Bb4 8. Be2
Nge7 9. O-O O-O 10. Nh4 h6 11. Nxf5 Nxf5 12. Be3 Rc8 13. Rc1 a6 14. Bg4 Nxe3 15.
fxe3 Qg5 16. Qf3 Bxc3 17. bxc3 Na5 18. Bh3 Nc4 19. Rfe1 Rc7 20. Qf4 Rfc8 21. Qxg5
hxg5 22. e4 Nb6 23. Re3 dxe4 24. Rxe4 Rxc3 25. Rxc3 Rxc3 26. Rg4 Rd3 27. g3 Nd5
28. Re4 Nc3 29. Bf1 Rxg3+ 30. hxg3 Nxe4 31. Bg2 Nxg3 32. Bxb7 Ne2+ 33. Kf2 Nxd4
34. Bxa6 Nc6 35. Bc4 Nxe5 36. Ke3 Nxc4+ 0-1

[Event "Druzynowe Mistrzostwa Polski Juniorow - II Liga"]
[Site "Iwonicz"]
[Date "2016-07-31"]
[Round "10.67"]
[White "Gajewski, Marcin"]
[Black "Mrozowski, Patryk"]
[Result "0-1"]
[WhiteTitle "II"]
[BlackTitle "I++"]
[WhiteElo "1531"]
[BlackElo "1901"]

1. Nf3 Nf6 2. g3 b6 3. Bg2 Bb7 4. O-O g6 5. d3 Bg7 6. Nbd2 O-O 7. Re1 d5 8. c3
c5 9. Qc2 Nc6 10. e4 dxe4 11. dxe4 Nd7 12. Nc4 Nde5 13. Ncxe5 Nxe5 14. Nxe5 Bxe5
15. Be3 Qc7 16. Rad1 Rfd8 17. Rxd8+ Rxd8 18. Rd1 Kf8 19. Bh6+ Ke8 20. Be3 Rxd1+
21. Qxd1 Qd7 22. Qc2 Ba6 23. Bf1 Bxf1 24. Kxf1 Bc7 25. f4 h5 26. Qe2 Qa4 27. b3
Qxe4 28. c4 Kd7 29. Qd2+ Bd6 30. Bf2 Ke6 31. Bg1 Kf5 32. Qf2 Kg4 33. Qd2 Kh3 34.
Bf2 Qg2+ 35. Ke2 Kxh2 36. Ke3 Kh3 37. Qd3 Kg4 38. Qd1+ Kf5 39. Qc2+ Ke6 40. Qd3
h4 41. Qe4+ Qxe4+ 42. Kxe4 hxg3 43. Bxg3 Kd7 44. Bh4 f5+ 45. Ke3 e5 46. fxe5 Bxe5
47. Bg5 Bc7 48. Kf3 Be5 49. Ke3 Ke6 50. Kf3 Bf6 51. Bf4 Bd8 0-1

[Event "Druzynowe Mistrzostwa Polski Juniorow - II Liga"]
[Site "Iwonicz"]
[Date "2016-07-31"]
[Round "10.68"]
[White "Drabek, Jan"]
[Black "Kucharski, Daniel"]
[Result "1-0"]
[WhiteTitle "I"]
[BlackTitle "II"]
[WhiteElo "1727"]
[BlackElo "1328"]

1. d4 d5 2. c4 e6 3. cxd5 exd5 4. Nf3 Nf6 5. Bg5 Be7 6. e3 O-O 7. Bd3 Nc6 8. O-O
h6 9. Bh4 Re8 10. Nc3 Ne4 11. Bxe7 Rxe7 12. Nd2 Bf5 13. Bxe4 Bxe4 14. Ndxe4 dxe4
15. Qg4 Qc8 16. Qh4 Qe8 17. a3 a5 18. Rac1 a4 19. Rfd1 Ra5 20. Qf4 g5 21. Qg3
Qd7 22. h4 Kh7 23. d5 Ne5 24. hxg5 Qg4 25. Qxg4 Nxg4 26. gxh6 Kxh6 27. Rd4 Re5
28. Rcd1 Nf6 29. Kf1 Kg6 30. Ke2 Kf5 31. f4 exf3+ 32. gxf3 b6 33. Rf4+ Kg6 34.
Rg1+ Rg5 35. Rxf6+ Kxf6 36. Ne4+ 1-0

[Event "Druzynowe Mistrzostwa Polski Juniorow - II Liga"]
[Site "Iwonicz"]
[Date "2016-07-31"]
[Round "10.69"]
[White "Strugacz, Michal"]
[Black "Jaszczuk, Mateusz"]
[Result "1-0"]
[WhiteTitle "III"]
[BlackTitle "II"]
[WhiteElo "1259"]
[BlackElo "1337"]

1. e4 c5 2. Nf3 Nc6 3. Bb5 g6 4. Bxc6 bxc6 5. O-O Bg7 6. d4 cxd4 7. Nxd4 c5 8.
Nb3 d6 9. Nc3 a5 10. Bf4 a4 11. Nd2 a3 12. Qf3 axb2 13. Rab1 Ra3 14. e5 d5 15.
Nb3 c4 16. Nd4 Bd7 17. Rxb2 e6 18. Rfb1 Ne7 19. Rb8 Nc8 20. Bc1 Ra5 21. Bf4 Ra3
22. Bc1 Ra5 23. Qg3 O-O 24. Ncb5 Bxb5 25. Nxb5 Qd7 26. Nd6 h5 27. R1b7 Qc6 28.
Nxc8 Rxc8 29. Qf4 f5 30. exf6 Bf8 31. Qg5 1-0